[Event "Forchheim op 10th"]
[Site "Forchheim"]
[Date "2011.10.08"]
[Round "3"]
[White "Wittmann, Helmut"]
[Black "Babichev, Vyacheslav"]
[Result "1-0"]
[WhiteElo "2088"]
[BlackElo "1788"]
[PlyCount "69"]
[EventDate "2011.10.07"]
[EventType "swiss"]
[EventRounds "5"]
[EventCountry "GER"]
[SourceTitle "CBM 144 Extra"]
[Source "ChessBase"]
[SourceDate "2011.10.28"]
[SourceVersion "1"]
[SourceVersionDate "2011.10.28"]
[SourceQuality "1"]

1. d4 g6 2. e4 d6 3. f4 e6 4. Nc3 Ne7 5. d5 f5 6. dxe6 Bxe6 7. Qd4 Rg8 8. Qf6 Qd7 9. Nf3 Bg7 10. Qh4 Bxc3+ 11. bxc3 Qc6 12. Bd2 Qxe4+ 13. Kf2 Qc6 14. Nd4 Qd7 15. Nxe6 Qxe6 16. Re1 Qd7 17. Bb5 c6 18. Rxe7+ Qxe7 19. Re1 Qxe1+ 20. Kxe1 Nd7 21. Bd3 Rg7 22. Qg5 Re7+ 23. Kf2 Kf7 24. h3 Rae8 25. c4 Re6 26. Bc3 Kg8 27. Bxf5 Re2+ 28. Kf1 R2e7 29. Bxg6 hxg6 30. Qxg6+ Kf8 31. Qh6+ Kg8 32. Qh8+ Kf7 33. Qg7+ Ke6 34. f5+ Kxf5 35. Qg4# 1-0

[Event "Forchheim op 10th"]
[Site "Forchheim"]
[Date "2011.10.07"]
[Round "1"]
[White "Wittmann, Helmut"]
[Black "Schloetterer, Hermann"]
[Result "1-0"]
[WhiteElo "2088"]
[BlackElo "1947"]
[PlyCount "63"]
[EventDate "2011.10.07"]
[EventType "swiss"]
[EventRounds "5"]
[EventCountry "GER"]
[SourceTitle "CBM 144 Extra"]
[Source "ChessBase"]
[SourceDate "2011.10.28"]
[SourceVersion "1"]
[SourceVersionDate "2011.10.28"]
[SourceQuality "1"]

1. d4 Nf6 2. Nf3 c5 3. d5 g6 4. Nc3 b5 5. d6 Qa5 6. Bg5 Nc6 7. a4 bxa4 8. Rxa4 Qb6 9. Bxf6 exf6 10. e3 Qxb2 11. Nb5 Nb4 12. Rxb4 cxb4 13. Nd2 Rb8 14. Nc4 Qa2 15. Nc7+ Kd8 16. Qd4 Qb1+ 17. Kd2 Bg7 18. Bd3 Qxh1 19. Qxa7 f5 20. Qxb8 Bc3+ 21. Ke2 Qxg2 22. Ne6+ fxe6 23. Qc7+ Ke8 24. Qxc8+ Kf7 25. Qxd7+ Kg8 26. Ne5 Bxe5 27. Qxe6+ Kg7 28. Qxe5+ Kh6 29. Qxh8 Qg4+ 30. Kd2 Qf3 31. Qf8+ Kg5 32. h4+ 1-0

[Event "Nuremberg Zabo op 13th"]
[Site "Nuremberg"]
[Date "2011.09.18"]
[Round "5"]
[White "Heimrath, Reiner"]
[Black "Wittmann, Helmut"]
[Result "1-0"]
[WhiteElo "2201"]
[BlackElo "2040"]
[PlyCount "51"]
[EventDate "2011.09.16"]
[EventType "swiss"]
[EventRounds "5"]
[EventCountry "GER"]
[SourceTitle "EXT 2013"]
[Source "ChessBase"]
[SourceDate "2012.11.22"]
[SourceVersion "1"]
[SourceVersionDate "2012.11.22"]
[SourceQuality "1"]

1. e4 g6 2. d4 Bg7 3. Bc4 d6 4. c3 Nf6 5. Qe2 0-0 6. e5 dxe5 7. dxe5 Nd5 8. h3 Nc6 9. Nf3 Nb6 10. Bb5 Qd5 11. Bf4 Bf5 12. 0-0 Rad8 13. Na3 Be4 14. Ng5 Bf5 15. Rad1 Qc5 16. g4 Nd5 17. Rxd5 Rxd5 18. Be3 Qxb5 19. Nxb5 Bd3 20. Qd1 Nxe5 21. Nxc7 Rd7 22. Bd4 h6 23. Nf3 Be2 24. Nxe5 Bxf1 25. Nxd7 Rd8 26. Nc5 1-0

[Event "Nuremberg Zabo op 13th"]
[Site "Nuremberg"]
[Date "2011.09.18"]
[Round "4"]
[White "Wittmann, Helmut"]
[Black "Promyshlyanskiy, Vitaliy"]
[Result "1/2-1/2"]
[WhiteElo "2040"]
[BlackElo "2187"]
[PlyCount "43"]
[EventDate "2011.09.16"]
[EventType "swiss"]
[EventRounds "5"]
[EventCountry "GER"]
[SourceTitle "EXT 2013"]
[Source "ChessBase"]
[SourceDate "2012.11.22"]
[SourceVersion "1"]
[SourceVersionDate "2012.11.22"]
[SourceQuality "1"]

1. d4 Nf6 2. Nf3 g6 3. c4 Bg7 4. Nc3 0-0 5. e4 d6 6. Be2 Nbd7 7. e5 Ne8 8. exd6 Nxd6 9. 0-0 c5 10. Re1 cxd4 11. Nxd4 Nc5 12. Be3 Nce4 13. Nxe4 Nxe4 14. Bf3 f5 15. c5 Kh8 16. Bxe4 fxe4 17. Qa4 Qd5 18. Nb5 Qc6 19. Qc4 Be6 20. Qe2 Rfd8 21. Bf4 Bf5 22. Rac1 1/2-1/2

[Event "Nuremberg Zabo op 13th"]
[Site "Nuremberg"]
[Date "2011.09.17"]
[Round "2"]
[White "Ahlich, Thomas"]
[Black "Wittmann, Helmut"]
[Result "0-1"]
[WhiteElo "1762"]
[BlackElo "2040"]
[PlyCount "88"]
[EventDate "2011.09.16"]
[EventType "swiss"]
[EventRounds "5"]
[EventCountry "GER"]
[SourceTitle "EXT 2013"]
[Source "ChessBase"]
[SourceDate "2012.11.22"]
[SourceVersion "1"]
[SourceVersionDate "2012.11.22"]
[SourceQuality "1"]

1. Nf3 d5 2. b4 Bg4 3. Bb2 Nd7 4. e3 e5 5. Be2 Bd6 6. b5 Ngf6 7. 0-0 Bxf3 8. Bxf3 Qe7 9. d3 a6 10. c4 e4 11. Be2 dxc4 12. dxc4 0-0 13. Nd2 Nc5 14. Nb3 Na4 15. Bd4 axb5 16. cxb5 c5 17. bxc6 bxc6 18. Qc2 c5 19. Bxf6 Qxf6 20. Qxe4 Be5 21. Rac1 Nc3 22. Qf3 Rxa2 23. Bd1 Qh4 24. g3 Qb4 25. Qg4 Bf6 26. Qxb4 cxb4 27. Nd4 Rd8 28. Nc6 Rxd1 29. Rcxd1 Nxd1 30. Rxd1 b3 31. Nb4 Ra1 32. Rxa1 Bxa1 33. Nd3 b2 34. Nxb2 Bxb2 35. Kg2 f5 36. Kf3 Kf7 37. e4 Kf6 38. exf5 Kxf5 39. Kg2 Ke4 40. f3+ Ke3 41. f4 Bf6 42. Kg1 Kf3 43. Kf1 Bd4 44. f5 h5 0-1

[Event "Nuremberg Zabo op 13th"]
[Site "Nuremberg"]
[Date "2011.09.17"]
[Round "3"]
[White "Wittmann, Helmut"]
[Black "Ross, Thomas"]
[Result "1-0"]
[WhiteElo "2040"]
[BlackElo "1928"]
[PlyCount "119"]
[EventDate "2011.09.16"]
[EventType "swiss"]
[EventRounds "5"]
[EventCountry "GER"]
[SourceTitle "EXT 2013"]
[Source "ChessBase"]
[SourceDate "2012.11.22"]
[SourceVersion "1"]
[SourceVersionDate "2012.11.22"]
[SourceQuality "1"]

1. d4 Nf6 2. Nf3 e6 3. c4 d5 4. Bg5 Be7 5. Qc2 0-0 6. e3 b6 7. Nc3 Bb7 8. Bxf6 Bxf6 9. cxd5 exd5 10. Bd3 g6 11. 0-0 c5 12. Rad1 c4 13. Be2 Nc6 14. e4 Nb4 15. Qb1 dxe4 16. Nxe4 Bd5 17. Ne5 b5 18. Nc3 Rc8 19. a3 Nd3 20. Nxd3 cxd3 21. Bxd3 a6 22. Nxd5 Qxd5 23. Be4 Qb3 24. Rd3 Qe6 25. Bf3 Rfd8 26. Rfd1 Qb6 27. d5 Rd6 28. Rc1 Qd8 29. Rxc8 Qxc8 30. Rd2 Kg7 31. Rc2 Qf5 32. Qd1 h5 33. g3 Qe5 34. Re2 Qf5 35. Rc2 Qe5 36. b4 h4 37. Rc6 hxg3 38. hxg3 Qe7 39. Kg2 Bb2 40. Qc2 Bd4 41. Qd3 Bf6 42. a4 Rxc6 43. dxc6 bxa4 44. Qxa6 Qc7 45. b5 Bd4 46. Qxa4 Bb6 47. Qa1+ Kf8 48. Qf6 Qd8 49. Qh8+ Ke7 50. Qe5+ Kf8 51. Bd5 Qc7 52. Qh8+ Ke7 53. Qg7 Kd6 54. Bxf7 Kc5 55. Qxg6 Kxb5 56. Qf5+ Bc5 57. Bd5 Kb6 58. Qb1+ Ka7 59. Qa2+ Kb8 60. Qa4 1-0

[Event "Nuremberg Zabo op 13th"]
[Site "Nuremberg"]
[Date "2011.09.16"]
[Round "1"]
[White "Wittmann, Helmut"]
[Black "Mueller, Ludwig"]
[Result "1-0"]
[WhiteElo "2040"]
[BlackElo "1591"]
[PlyCount "73"]
[EventDate "2011.09.16"]
[EventType "swiss"]
[EventRounds "5"]
[EventCountry "GER"]
[SourceTitle "EXT 2013"]
[Source "ChessBase"]
[SourceDate "2012.11.22"]
[SourceVersion "1"]
[SourceVersionDate "2012.11.22"]
[SourceQuality "1"]

1. d4 b6 2. c4 e6 3. Nc3 Bb7 4. Qc2 Nf6 5. e4 Bb4 6. f3 d6 7. Qa4+ Nc6 8. d5 Bxc3+ 9. bxc3 Qd7 10. dxc6 Qxc6 11. Qxc6+ Bxc6 12. Ne2 e5 13. Bg5 Nd7 14. Ng3 f6 15. Bd2 g6 16. Bh6 Kf7 17. h4 Nc5 18. Be3 h5 19. Bxc5 bxc5 20. Bd3 Rab8 21. 0-0 Rb2 22. Rf2 Rhb8 23. Raf1 Kg7 24. Rxb2 Rxb2 25. Rf2 Rxf2 26. Kxf2 Bd7 27. Ne2 Kf7 28. f4 Bg4 29. f5 g5 30. Ng3 gxh4 31. Nf1 Kg7 32. Ne3 h3 33. gxh3 Bxh3 34. Be2 Kh6 35. Kg3 Bg4 36. Bxg4 hxg4 37. Nd5 1-0

[Event "Mittelfranken-ch HT 60th"]
[Site "Buechenbach/Roth"]
[Date "2011.04.22"]
[Round "8"]
[White "Alt, Norbert"]
[Black "Wittmann, Helmut"]
[Result "0-1"]
[WhiteElo "1885"]
[BlackElo "2030"]
[PlyCount "56"]
[EventDate "2011.04.19"]
[EventType "swiss"]
[EventRounds "9"]
[EventCountry "GER"]
[SourceTitle "CBM 142 Extra"]
[Source "ChessBase"]
[SourceDate "2011.06.27"]
[SourceVersion "1"]
[SourceVersionDate "2011.06.27"]
[SourceQuality "1"]

1. d4 Nf6 2. Bg5 c5 3. d5 Ne4 4. Bc1 e6 5. Qd3 exd5 6. Qxd5 Nf6 7. Qb3 d5 8. Bg5 Be7 9. Nf3 0-0 10. c3 Nc6 11. e3 h6 12. Bh4 d4 13. cxd4 cxd4 14. Be2 dxe3 15. fxe3 Ng4 16. Bf2 Bc5 17. h3 Nxf2 18. Kxf2 Re8 19. Rd1 Qf6 20. Rd3 Bf5 21. Rc3 Rxe3 22. Rxe3 Re8 23. Nc3 Rxe3 24. Kf1 Nd4 25. Qxb7 Nxe2 26. Qb8+ Kh7 27. Nd5 Ng3+ 28. Qxg3 Qa6+ 0-1

[Event "Mittelfranken-ch HT 60th"]
[Site "Buechenbach/Roth"]
[Date "2011.04.22"]
[Round "9"]
[White "Wittmann, Helmut"]
[Black "Strobel, Norbert"]
[Result "1-0"]
[WhiteElo "2030"]
[BlackElo "1964"]
[PlyCount "101"]
[EventDate "2011.04.19"]
[EventType "swiss"]
[EventRounds "9"]
[EventCountry "GER"]
[SourceTitle "CBM 142 Extra"]
[Source "ChessBase"]
[SourceDate "2011.06.27"]
[SourceVersion "1"]
[SourceVersionDate "2011.06.27"]
[SourceQuality "1"]

1. d4 Nf6 2. Nf3 e6 3. c4 b6 4. a3 Bb7 5. Nc3 d5 6. Bg5 Be7 7. Qa4+ Qd7 8. Qc2 0-0 9. Bxf6 Bxf6 10. cxd5 exd5 11. e3 c5 12. Rd1 c4 13. Be2 b5 14. Ne5 Qe8 15. Qf5 Bxe5 16. dxe5 g6 17. Qf3 Qxe5 18. 0-0 Na6 19. Nxb5 Nc5 20. Nc3 Rfd8 21. Qg3 Qe6 22. Qc7 Rdc8 23. Qf4 Rd8 24. Qd4 Rac8 25. Bg4 f5 26. Bf3 Nd3 27. Qxa7 Bc6 28. Qd4 Nxb2 29. Rb1 Nd3 30. Rb6 Qe5 31. Rd1 Qxd4 32. exd4 Re8 33. Rxc6 Rxc6 34. Bxd5+ Rce6 35. Bxc4 Nb2 36. Bxe6+ Rxe6 37. Rb1 Nc4 38. a4 Nd2 39. Rd1 Rc6 40. Ne2 Rc2 41. d5 Ne4 42. Kf1 Ra2 43. f3 Nc5 44. d6 Nd7 45. Rd4 Kf7 46. Nc3 Ra1+ 47. Kf2 Ke6 48. Nb5 Nb6 49. Nc7+ Kd7 50. Na6 Kc8 51. Nc5 1-0

[Event "Mittelfranken-ch HT 60th"]
[Site "Buechenbach/Roth"]
[Date "2011.04.22"]
[Round "7"]
[White "Wittmann, Helmut"]
[Black "Woerl, Richard"]
[Result "0-1"]
[WhiteElo "2030"]
[BlackElo "1928"]
[PlyCount "44"]
[EventDate "2011.04.19"]
[EventType "swiss"]
[EventRounds "9"]
[EventCountry "GER"]
[SourceTitle "CBM 142 Extra"]
[Source "ChessBase"]
[SourceDate "2011.06.27"]
[SourceVersion "1"]
[SourceVersionDate "2011.06.27"]
[SourceQuality "1"]

1. d4 Nf6 2. Nf3 b6 3. Nc3 Bb7 4. Bg5 d5 5. e3 e6 6. Bb5+ c6 7. Bd3 Be7 8. Qe2 0-0 9. e4 c5 10. exd5 exd5 11. 0-0 Nc6 12. Rad1 cxd4 13. Nb5 Bc5 14. Bf5 Re8 15. Qd2 Ba6 16. a4 h6 17. Bh4 Bc8 18. Bd3 Bg4 19. Qf4 g5 20. Nxg5 Bxd1 21. Nh7 Nh5 22. Nf6+ Qxf6 0-1

[Event "Mittelfranken-ch HT 60th"]
[Site "Buechenbach/Roth"]
[Date "2011.04.21"]
[Round "6"]
[White "Miller, Eduard"]
[Black "Wittmann, Helmut"]
[Result "1-0"]
[WhiteElo "2145"]
[BlackElo "2030"]
[PlyCount "45"]
[EventDate "2011.04.19"]
[EventType "swiss"]
[EventRounds "9"]
[EventCountry "GER"]
[SourceTitle "CBM 142 Extra"]
[Source "ChessBase"]
[SourceDate "2011.06.27"]
[SourceVersion "1"]
[SourceVersionDate "2011.06.27"]
[SourceQuality "1"]

1. d4 Nf6 2. c4 e6 3. Nc3 Bb4 4. Qc2 d5 5. a3 Bxc3+ 6. Qxc3 c5 7. dxc5 d4 8. Qc2 Nc6 9. b4 Qc7 10. e3 0-0 11. Nf3 e5 12. Bd3 dxe3 13. Bxe3 Re8 14. Ng5 Nd4 15. Qb1 e4 16. Nxe4 Rxe4 17. Bxe4 Qe5 18. Qd1 Nc2+ 19. Bxc2 Qc3+ 20. Ke2 Bg4+ 21. f3 Be6 22. Bd3 Re8 23. Qd2 1-0